000 nam a22 7a 4500
999 _c129487
_d129487
008 190430b xxu||||| |||| 00| 0 eng d
020 _a0-8091-1509-3
050 _aBV210.2.B64
100 _aBloom, Anthony
_912069
245 _aBeginning to pray
_c/ by Anthony Bloom
260 _aNew York:
_bPaulist Press,
_cc1970
300 _axx, 75p. ;
_c18cm.
650 _aPrayer
_946048
942 _2lcc
_cMONOGRAPH